Redefining Qatar (Record no. 83809)

MARC details
000 -LEADER
fixed length control field 00620cab a22001935a 4500
001 - CONTROL NUMBER
control field L155087
008 - FIXED-LENGTH DATA ELEMENTS--GENERAL INFORMATION
fixed length control field 120228e20120708xxk 000 0 eng d
035 ## - SYSTEM CONTROL NUMBER
System control number (Sirsi) u155087
041 0# - LANGUAGE CODE
Language code of text/sound track or separate title eng
100 1# - MAIN ENTRY--PERSONAL NAME
Personal name Wright, Emily
245 00 - TITLE STATEMENT
Title Redefining Qatar
260 ## - PUBLICATION, DISTRIBUTION, ETC.
Date of publication, distribution, etc. 2012
490 ## - SERIES STATEMENT
Series statement Building
Volume/sequential designation 277(8716) 24 February 2012, 22-25(4)
520 ## - SUMMARY, ETC.
Summary, etc. Examines the opportunities for UK firms in Qatar as the richest country in the world invests in construction before 2015; 2022 World Cup; challenges; cultural differences.
590 ## - LOCAL NOTE (RLIN)
Local note KA
651 #4 - SUBJECT ADDED ENTRY--GEOGRAPHIC NAME
Geographic name Qatar
690 ## - LOCAL SUBJECT ADDED ENTRY--TOPICAL TERM (OCLC, RLIN)
Topical term or geographic name as entry element Construction management
9 (RLIN) 6230
942 ## - ADDED ENTRY ELEMENTS (KOHA)
Suppress in OPAC 0
Holdings
Withdrawn status Lost status Source of classification or shelving scheme Damaged status Not for loan Home library Current library Shelving location Date acquired Total Checkouts Full call number Barcode Date last seen Copy number Price effective from Koha item type
    Dewey Decimal Classification     London London Journal article 28/02/2012   L155087 155087-1001 06/08/2019 1 06/08/2019 Journal article